Člověk ve zdraví i v nemoci : podpora zdraví a prevence nemocí ve stáří /
Uložené v:
| Hlavní autori: | , |
|---|---|
| Médium: | Kniha |
| Jazyk: | Czech |
| Vydané: |
Praha :
Univerzita Karlova, nakladatelství Karolinum,
2017.
|
| Vydanie: | Vydání první |
| Témy: | |
| ISBN: |
9788024638287 (viaz.) |
| Fyzický popis: |
511 strán : fotografie, grafy, ilustrácie, tabuľky ; 24 cm. |
| Tagy: |
Pridať tag
Žiadne tagy, Buďte prvý kto otaguje tento záznam!
|
Titul je dostupný aj v ... 

MARC
| LEADER | 00000nam a2200000 i 4500 | ||
|---|---|---|---|
| 001 | 000574191 | ||
| 005 | 20180604111952.0 | ||
| 008 | 180124s2017 xr adloe 001 0 cze d | ||
| 020 | |a 9788024638287 (viaz.) | ||
| 040 | |a SVKKK |b slo |c SVKKK |e AACR2 | ||
| 041 | 0 | |a cze |b eng | |
| 044 | |a xr |c CZ | ||
| 072 | 7 | |a 316.3 |x Globálne spoločnosti. Sociálna štruktúra. Sociálne skupiny |2 konspekt | |
| 072 | 7 | |a 613 |x Hygiena. Ľudské zdravie |2 konspekt | |
| 080 | |a 316.346.32-053.9 |2 2011 | ||
| 080 | |a 613/614 |2 2011 | ||
| 080 | |a 616-084 |2 2011 | ||
| 080 | |a (048.8:082) |2 2011 | ||
| 100 | 1 | |a Čeledová, Libuše, |d 1960- |4 aut | |
| 245 | 1 | 0 | |a Člověk ve zdraví i v nemoci : |b podpora zdraví a prevence nemocí ve stáří / |c Libuše Čeledová, Rostislav Čevela a kol. |
| 250 | |a Vydání první | ||
| 260 | |a Praha : |b Univerzita Karlova, nakladatelství Karolinum, |c 2017. | ||
| 300 | |a 511 strán : |b fotografie, grafy, ilustrácie, tabuľky ; |c 24 cm. | ||
| 500 | |a Venované pamiatke prof. MUDr. RNDr. Jaroslava Slípky, DrSc. (10.6.1926-24.7.2013), zakladateľa Univerzity tretieho veku na Lekárskej fakulte v Plzni, a doc. MUDr. Heleny Zavázalové, CSc. (10.11.1943-29.5.2013) | ||
| 500 | |a Zoznam autorov | ||
| 504 | |a Bibliografia: s. 488-492; skratky: s. 499-502; register: s. 503-510 | ||
| 546 | |a Anglické resumé | ||
| 500 | |a Slovníček pojmov | ||
| 650 | 0 | 7 | |a seniori |2 SVKKKPH |
| 650 | 0 | 7 | |a zdravie |2 SVKKKPH |
| 650 | 0 | 7 | |a podpora zdravia |2 SVKKKPH |
| 650 | 0 | 7 | |a prevencia ochorení |2 SVKKKPH |
| 655 | 7 | |a kolektívne monografie |2 SVKKKPH | |
| 700 | 1 | |a Čevela, Rostislav, |d 1953- |4 aut | |
| 910 | |a svkkk | ||
| 919 | |a 978-80-246-3828-7 | ||
| 998 | |a BK | ||
| 090 | |g SCKHL |k Sklad Hlavná 10 prízemie |a IV.231785 |j 1087546 |i 2720524007 |s Absenčne | ||